Memoria /
সংরক্ষণ করুন:
| প্রধান লেখক: | |
|---|---|
| অন্যান্য লেখক: | |
| বিন্যাস: | অজ্ঞাত |
| প্রকাশিত: |
Alajuela:
Colegio Universitario de Alajuela CUNA
|
| বিষয়গুলি: | |
| ট্যাগগুলো: |
ট্যাগ যুক্ত করুন
কোনো ট্যাগ নেই, প্রথমজন হিসাবে ট্যাগ করুন!
|
MARC
| LEADER | 00000 a2200000 04500 | ||
|---|---|---|---|
| 001 | 19430 | ||
| 003 | |||
| 008 | 991231s d | ||
| 040 | |||
| 090 | |a 145905 | ||
| 100 | |a Muñoz Mena, Javier | ||
| 245 | |a Memoria / |c Javier Muñoz Mena | ||
| 260 | |a Alajuela: |b Colegio Universitario de Alajuela CUNA | ||
| 300 | |a 202 (pag. cortada) | ||
| 650 | |a INCENDIOS FORESTALES | ||
| 650 | |a DESASTRES NATURALES | ||
| 650 | |a PREVENCION DE DESASTRES | ||
| 650 | |a LUCHA CONTRA INCENDIOS | ||
| 700 | |a Torres Hernández, Marvin | ||
| 999 | |c 10938 |d 10938 | ||
